Normal view
MARC view
Entry Uniform Title
001 - CONTROL NUMBER
- control field: 44565
003 - CONTROL NUMBER IDENTIFIER
- control field: dpl
005 - DATE AND TIME OF LATEST TRANSACTION
- control field: 20120330144357.0
008 - FIXED-LENGTH DATA ELEMENTS
- fixed length control field: 120330|||a|||||| | ||| d
040 ## - CATALOGING SOURCE
- Original cataloging agency: dpl
- Transcribing agency: dpl
130 ## - HEADING--UNIFORM TITLE
- Uniform title: Topics in translation 21
670 ## - SOURCE DATA FOUND
- Source citation: Work cat.: (dpl)64329: Gentzler, Edwin 44564, Contemporary translation theories /, 2010
670 ## - SOURCE DATA FOUND
- Source citation: Work cat.: (dpl)64329: Gentzler, Edwin 44564, Contemporary translation theories /, 2010
